000 01979nam a2200361 i 4500
003 DO-SdBNP
005 20250630104810.0
007 ta
008 091120s2000 dr 000 0 spa d
020 _a8484009572
040 _aDO-SdBNP
_bspa
_cBNPHU
_erda
041 _aspa
082 4 _aPe863.44
_bV297f 2000
_222
100 1 _aVargas Llosa, Mario,
_d1936-
_eautor
_4aut.
_912567
245 1 3 _aLa fiesta del Chivo /
_cMario Vargas Llosa.
250 _aSegunda edición
264 4 _aSanto Domingo :
_bEditora Taller,
_c©2000.
300 _a537 páginas ;
_c20 cm.
336 _atexto
_btxt
_2rdacontent
337 _asin mediación
_bn
_2rdamedia
338 _avolumen
_bnc
_2rdacarrier
490 0 _aColección Biblioteca Taller ;
_v330
500 _aIncluye datos biográficos del autor en la página 9-10
520 1 _aNovela histórica sobre los últimos días del gen. Rafael Leonidas Trujillo en la República Dominicana en 1961. El hilo conductor de la novela es el retorno a la isla de Urania Cabral, hija de un senador del régimen trujillista, luego de muchos años de la muerte del dictador. Mientras Urania visita a su padre moribundo, la narración reconstruye el fin de una era haciendo un recuento de una serie de personajes históricos, entre ellos, el sempiterno presidente de la República Dominicana, Joaquín Balaguer y ascenso político. La crueldad del poder y la maldad humana destacan en este gran relato, una de las mejores novelas del novelista peruano"--Handbook of Latin American Studies, v. 58. www.loc.gov/hlas/
590 _aInventariado, 2020 /LP
600 1 0 _aTrujillo Molina, Rafael Leónidas,
_d1930-1961
_935351
650 4 _aNovela peruana
_912569
650 4 _aLiteratura peruana
_93140
651 0 _aREPÚBLICA DOMINICANA
_xHISTORIA
_yERA DE TRUJILLO, 1930-1961
_xNOVELA
_vNovela
_921999
651 4 _aRepública Dominicana
_xHistoria
_y1961
_xNovela
_930268
910 _aBtavárez/Validado. Control de calidad MFF
942 _2ddc
_cLBS1
999 _c58619
_d58619